Name a Valid Bordering Country - Statistics

General Stats
  • This quiz has been taken 422 times
    372 since last reset
  • The average score is 13 of 15
Answer Stats
Borders Criteria Country % Correct
Russia Is landlocked Azerbaijan | Belarus | Kazakhstan | Mongolia
99%
Austria Has a capital city beginning with B Germany | Hungary | Slovakia | Switzerland
99%
Bolivia Has a smaller land area than Turkey Chile | Paraguay
98%
Montenegro Over 50% of population is Muslim Albania | Bosnia and Herzegovina
95%
Zimbabwe Has a longer coastline than Peru Mozambique | South Africa
94%
Afghanistan Beginning with a letter before J China | Iran
91%
Germany Whose most populous city is not the capital Belgium | Liechtenstein | Switzerland
90%
Niger Has a smaller land area than Niger Benin | Burkina Faso | Nigeria
89%
Laos Percent of population that speaks english is below 5% China | Myanmar
87%
Honduras Has 10 or more letters in its name El Salvador
87%
Turkey Has a higher percentage of population that is Christian than Argentina Armenia | Georgia
86%
Poland Whose capital city has more letters than Poland's capital city Lithuania | Slovakia
85%
Uzbekistan Touches the Caspian Sea Kazakhstan | Turkmenistan
82%
Saudi Arabia Whose capital city starts with a letter after the letter Saudi Arabia's capital city starts with Yemen
80%
Democratic Republic of the Congo Whose land area is smaller than that of Lake Victoria's surface area Burundi | Rwanda
79%
No matching quizzes found
Score Distribution
Percent of People with Each Score
Percentile by Number Answered
Your Score History
You have not taken this quiz since the last reset